LEADER 01163nam0-2200373li-450 001 990000152620203316 005 20180312154637.0 010 $a981-02-0048-X 035 $a0015262 035 $aUSA010015262 035 $a(ALEPH)000015262USA01 035 $a0015262 100 $a2001992041990-------y0itay0103----ba 101 0 $aeng 102 $aSG 200 1 $aFractional statistics and anyon superconductivity$fFrank Wilczek 210 $aSingapore [etc.]$cWorld Scientific$dcopyr. 1990 215 $aIX, 447 p. . ill.$d25 cm. 610 1 $astatistica quantistica 610 1 $asuperconduttivita' 676 $a537623 700 1$aWilczek,$bFrank$052444 801 $aSistema bibliotecario di Ateneo dell' Università di Salerno$gRICA 912 $a990000152620203316 951 $a537.623 WIL (A)$b0013782/CBS$c537.623$d00327482 959 $aBK 969 $aSCI 979 $c19920406 979 $c20001110$lUSA01$h1712 979 $c20020403$lUSA01$h1623 979 $aPATRY$b90$c20040406$lUSA01$h1611 979 $aRSIAV7$b90$c20090916$lUSA01$h1007 996 $aFractional statistics and anyon superconductivity$9187917 997 $aUNISA LEADER 00789nam 2200277 450 001 9910488451603321 005 20210715131103.0 010 $a978-88-6496-191-0 100 $a20210715d2015----km y0itay50 ba 101 0 $aita 102 $aIT 105 $aa 001yy 200 1 $aSimboli dentellati$edal franco-bollo alla filatelia massonica$fSalvatore Rizzo 210 $aAcireale ; Roma$cBonanno$d2015 215 $a120 p.$cill.$d18 cm 225 1 $aAleph$v6 610 0 $aFilatelia$aSimboli 676 $a769.56$v23$zita 700 1$aRizzo,$bSalvatore$0188022 801 0$aIT$bUNINA$gREICAT$2UNIMARC 901 $aBK 912 $a9910488451603321 952 $aCollez. 2737 (6bis)$b1971/2020$fFSPBC 959 $aFSPBC 996 $aSimboli dentellati$91823825 997 $aUNINA LEADER 01505nas 2200469 c 450 001 9910894989503321 005 20260218111232.0 024 7 $aurn:nbn:de:hebis:43:epflicht-8690 035 $a(CKB)3790000000120535 035 $a(DE-599)ZDB2481329-1 035 $a(OCoLC)1164172689 035 $a(OCoLC)643465985 035 $a(DE-101)992850479 035 $a(DE-599)2481329-1 035 $a(EXLCZ)993790000000120535 100 $a20090224a20069999 |y | 101 0 $ager 135 $aur||||||||||| 181 $ctxt$2rdacontent 182 $cc$2rdamedia 183 $acr$2rdacarrier 200 10$aStatistische Berichte / Hessisches Statistisches Landesamt$hE$hI$h1-m$iBetriebe, Bescha?ftigte und Umsatz im Verarbeitenden Gewerbe (einschl. Bergbau und Gewinnung von Steinen und Erden) in Hessen (Betriebe mit im Allgemeinen 50 und mehr Bescha?ftigten) 210 31$aWiesbaden$cHessisches Statistisches Landesamt$d2006- 215 $aOnline-Ressource 225 0 $aStatistik Hessen 300 $aGesehen am 20.10.14 517 $aStatistische Berichte / E / 1 / 1 517 1 $aStatistische Berichte / E / 1 / 1 m 608 $aZeitschrift$2gnd-content 608 $aStatistik$2gnd-content 610 $aGewerbe 610 $aStatistik 610 $aHessen 676 $a330 676 $a310 801 0$b0004 801 1$bDE-101 801 2$b9001 906 $aJOURNAL 912 $a9910894989503321 996 $aStatistische Berichte$91920339 997 $aUNINA